Best nba small forwards all time - Statistics

General Stats
  • This quiz has been taken 45 times
  • The average score is 7 of 10
Answer Stats
Teams Answer % Correct
Heat/cavaliers Lebron james
100%
Thunder/warriors Kevin Durant
95%
Celtics Larry bird
95%
Hawks Dominique Wilkins
90%
76ers Julius erving
88%
Lakers James worthy
60%
Nuggets Alex English
58%
Warriors Rick Barry
53%
Warriors Chris Mullin
33%
Celtics John havlicek
30%
No matching quizzes found
Score Distribution
Percent of People with Each Score
Percentile by Number Answered
Your Score History
You have not taken this quiz